00270nam a2200109Ia 4500008004100000100002600041245003400067260002800101300000900129942000700138999001500145190216s9999||||xx |||||||||||||| ||und|| aJain Sp And Narag K L 0aAdvanced Financial Accounting bKalyani Publisherc2003 a580p cBK c6261d6261